| 000 | 00755nam a22002297a 4500 | ||
|---|---|---|---|
| 005 | 20170124105940.0 | ||
| 010 | _aA-953345 | ||
| 020 |
_c00.00 _a8172144504 |
||
| 035 | _aA-953345 | ||
| 037 | _bCen Lib/Ret | ||
| 040 |
_aDPL _bEN |
||
| 082 |
_a215 _bJES |
||
| 100 |
_aJesuraja, A. _911092 |
||
| 245 |
_aGlimpses of the divine : _cby A.Jesuraja _breflections on revelation and liberations through scienec / |
||
| 260 |
_aDelhi _bISPCK _c1998 |
||
| 270 |
_bDelhi _aPost Box 1585, Kashmere Gate _e110006 |
||
| 300 |
_axix,231p. _c20cm(Hb) |
||
| 500 | _aIncludes bibliographical reference. | ||
| 650 |
_aReligion and science. _911093 |
||
| 650 |
_aNature -- Religious aspects -- Christianity. _911094 |
||
| 942 |
_2ddc _cEN _h215 _mJES |
||
| 999 |
_c124539 _d124539 |
||